| 000 | 00691cam a2200217 a 4500 | ||
|---|---|---|---|
| 001 | 000008235 | ||
| 005 | 20200929161322.0 | ||
| 008 | 930720s1993 sp a 000 j spa | ||
| 020 | _a8423986012 | ||
| 040 |
_aDO-SdBNP _cDLC _dDLC |
||
| 082 |
_a867.6 _bM664d |
||
| 100 | 1 |
_aMingote, Ángel Antonio, _d1919- _922336 |
|
| 245 | 1 | 0 |
_aDe muerte natural / _cAntonio Mingote. |
| 260 |
_aMadrid : _bEspasa-Calpe, _c1993. |
||
| 300 |
_a175 p. : _bil. ; _c21 cm. |
||
| 490 | 1 |
_aEspasa humor _aRelatos |
|
| 650 | 4 |
_aHumorismo español _922337 |
|
| 650 | 4 |
_aVida catidiana _xAnécdotas, chistes, sátiras, etc _922338 |
|
| 830 | 0 |
_aEspasa humor ; _pRelatos. _922339 |
|
| 910 | _aCatalogación por copia / LC | ||
| 999 |
_c8006 _d8006 |
||